000 00430nam a2200157Ia 4500
008 230312s9999||||xx |||||||||||||| ||und||
020 _a0-201-58157-4
082 _a541.2
_bBOW-D
100 _aBowie Jack, E.
245 0 _aData Visualization in Molecular Science
260 _bAddision Wesley
_aNew York
_c1995
300 _a285
546 _aEng.
650 _aEngineering
_vIntroductions , Scientific Visualization
942 _cBK
999 _c1808
_d1808